Statistics for Every City in Warren County, New York

Click here to take the quiz!

General Stats

  • This quiz has been taken 4 times
  • The average score is 9 of 21

Answers on the Map

Answers color-coded by a green-red scale on the quiz's map according to % correct below.
Loading ...
 

Answer Stats

City% Correct
Lake George
100%
Glens Falls
100%
Queensbury
75%
Warrensburg
50%
Bolton
50%
Glens Falls North
25%
Hague
25%
Horicon
25%
Johnsburg
25%
Bolton Landing
25%
Lake Luzerne
25%
North Creek
25%
Pottersville
25%
Chestertown
25%
Stony Creek
25%
Thurman
25%
Chester
25%
West Glens Falls
25%

Score Distribution

Percentile by Number Answered

Percent of People with Each Score

Your Score History

You have not taken this quiz